00492 a2200205 4500260001000000630003800010037001300048650002600061100001400087700001300101260001000114245004500124300001100169650004000180260000900220300001000229100000700239037001000246650003000256 aParis a33 - Economie. Economie politique b1, Achat a3 - SCIENCES SOCIALES aRapin, A. aPoly, J. bDunod aComptabilité analytique d'exploitation a211 p. aEconomie politique : comptabilité c1972 b25 cm lFr a13826 aComptabilité analytique